000 00222nam a2200085Ia 4500
245 0 _aLove marriage
100 _a GANESHANANTHAN, V V. London, 2009
_969410
942 _cBK
008 210817s9999 xx 000 0 und d
999 _c295019
_d295016